| 000 | 01620cam a2200277 a 4500 | ||
|---|---|---|---|
| 001 | 38691 | ||
| 003 | BD-RjUL | ||
| 005 | 20211209052836.0 | ||
| 008 | 101203s1969 pk a b 000 0bbeno | ||
| 020 | _c: PRs. 5.00 | ||
| 035 | _a(BD-RjUL)38800 | ||
| 040 |
_aDLC _cDLC _dDLC _bben/eng |
||
| 041 | _aben | ||
| 082 |
_a297.092 _bHAZ 1969 |
||
| 245 | 0 | 0 |
_aহযরত শাহ্ মুখদুম রুপোশ (রহ.)-এর জীবনেতিহাস : _b[ বাংলা সাহিত্যের প্রাচীতম গদ্যগ্রন্থ ] / _cমুহম্মদ আবূতালিব, সম্পাদিত |
| 250 | _a১ম সং. | ||
| 260 |
_aঢাকা : _bপাকিস্তান বুক করপোরেশন, _c১৯৬৯ |
||
| 300 |
_a[অ]-ঙ, ১৬৪ পৃ : _bচিত্র ; _c২২ সেমি. |
||
| 500 | _a" [বাংলা সাহিত্যের প্রাচীতম গদ্যগ্রন্থ ] ; রচনা: ১২৪৫ সন (= ১৮৩৮ ঈ. ); রচয়িতা অজ্ঞাত" | ||
| 600 | 0 | 0 |
_aরুপোশ, শাহ্ মুখদুম _zবাংলাদেশ _zরাজশাহী জেলা _xজীবনী _9119391 |
| 600 | 0 | 0 |
_aRuposh, Shah Makhdum _zBangladesh _zRajshahi District _xBiography _9127642 |
| 650 |
_aসুফিবাদ _zবাংলাদেশ _zরাজশাহী জেলা _9236831 |
||
| 650 |
_aSufism _zBangladesh _zRājshāhi District _9236832 |
||
| 700 |
_aআবূতালিব, মুহম্মদ, সম্পাদক _9236833 |
||
| 942 |
_2ddc _cBK |
||
| 999 |
_c38691 _d38691 |
||